The polygamist (Record no. 405649)

MARC details
000 -LEADER
fixed length control field 00264nam a2200097Ia 4500
082 ## - DEWEY DECIMAL CLASSIFICATION NUMBER
Classification number 823.92 NYAT
008 - FIXED-LENGTH DATA ELEMENTS--GENERAL INFORMATION
fixed length control field 210817s9999 xx 000 0 und d
100 ## - MAIN ENTRY--PERSONAL NAME
Personal name Nyathi, Sue Cape Town, South Africa, 2012
9 (RLIN) 96497
245 #0 - TITLE STATEMENT
Title The polygamist
942 ## - ADDED ENTRY ELEMENTS
item type Books

No items available.